000 00564nam a2200229 a 4500
001 nice12345678
003 IN_TiNIC
005 20260116012911.0
008 050524s1985 boma grp 000 0 eng
020 _a
_c34
082 0 0 _a297.4
_bMAN1
100 _aManeri, Sharafuddin
245 _aHundred Letters
260 _aBombay
_bBetter Yourself Books
_c1985
300 _a458p
500 _aincludes index and biblioraphy
505 2 _aIndex to preface, notes
650 _aSufism-Sharafuddin Maneri
902 _bSRS
942 _cBK
999 _c8814
_d8814